Tvorca úspešnej hospodárskej reformy

Životopis a činnosť jedného z veľkých reformátorov 20. storočia Rogera Douglasa. Bývalý novozélandský minister financií považovaný za architekta fundamentálnej hospodárskej reformy.Silná regulácia a centralizácia novozélandského hospodárstva a nevyhnutné štrukturálne reformy.Odstránenie umelých bari...

Descripción completa

Guardado en:
Detalles Bibliográficos
Autor principal: Polakovič, Ivan
Formato: Capítulo de libro
Lenguaje:eslovaco
Materias:
Etiquetas: Agregar Etiqueta
Sin Etiquetas, Sea el primero en etiquetar este registro!

MARC

LEADER 00000naa$a2200000$$$4500
001 0021538
005 20230926070722.7
041 0 |a slo 
044 |a SK 
245 1 0 |a Tvorca úspešnej hospodárskej reformy  |c Ivan Polakovič 
520 |a Životopis a činnosť jedného z veľkých reformátorov 20. storočia Rogera Douglasa. Bývalý novozélandský minister financií považovaný za architekta fundamentálnej hospodárskej reformy.Silná regulácia a centralizácia novozélandského hospodárstva a nevyhnutné štrukturálne reformy.Odstránenie umelých bariér a slobodný obchod ako hybné sily k prosperite.Zrušenie dane z obratu a jej nahradenie jednotnou DPH. Nový daňový systém považovaný za trhovo najkonformnejší. Odštátnenie a privatizácia. Striktná fiškálna a monetárna politika. 
610 2 0 |a reformy hospodárske 
610 2 0 |a reformy daňové 
610 2 0 |a reformy štruktúrne 
610 2 0 |a politika fiškálna 
610 2 0 |a politika hospodárska 
610 2 0 |a privatizácia 
610 2 0 |a obchod voľný 
610 2 0 |a sektor súkromný 
610 2 0 |a Nový Zéland 
610 2 0 |a životopisy 
610 2 0 |a Douglas, R. 
100 1 |a Polakovič, Ivan